000
00293nam a22001337a 4500
008
171027b xxu||||| |||| 00| 0 eng d
020
_a
9780538890700
041
_a
eng
080
_a
336
100
_a
56
101
_a
JAC
245
_a
COLLABORATIVE FINANCE
_c
JACKSON, K.L
942
_2
udc
_c
BK
999
_c
36112
_d
36112